[Event "Seefeld op 11th"]
[Site "Seefeld"]
[Date "2000.09.19"]
[Round "4"]
[White "Lundgren, Lars Erik"]
[Black "Strasser, Josef"]
[Result "1/2-1/2"]
[WhiteElo "1968"]
[BlackElo "1739"]
[PlyCount "76"]
[EventDate "2000.09.16"]
[EventType "swiss"]
[EventRounds "9"]
[EventCountry "AUT"]
[SourceTitle "EXT 2001"]
[Source "ChessBase"]
[SourceDate "2000.11.22"]
[SourceVersion "1"]
[SourceVersionDate "2000.11.22"]
[SourceQuality "1"]

1. e4 c5 2. Nf3 d6 3. d4 cxd4 4. Nxd4 Nf6 5. Nc3 g6 6. Be3 Bg7 7. Be2 Nc6 8. h4 h5 9. f3 d5 10. Nxc6 bxc6 11. e5 Nd7 12. f4 e6 13. g4 c5 14. gxh5 d4 15. Ne4 dxe3 16. hxg6 fxg6 17. Nd6+ Ke7 18. Qd3 Nxe5 19. fxe5 Qa5+ 20. c3 Bxe5 21. Nxc8+ Raxc8 22. Qxe3 Qc7 23. Qg5+ Bf6 24. Qg4 Qb7 25. 0-0-0 Rb8 26. b3 Bxc3 27. Qg5+ Bf6 28. Qxg6 Rbg8 29. Qd3 Rd8 30. Qc4 Rxd1+ 31. Rxd1 Qb4 32. Qxb4 cxb4 33. h5 Rc8+ 34. Kd2 Rd8+ 35. Ke3 Rxd1 36. Bxd1 Bg5+ 37. Kd4 Kf6 38. Kc4 Bd2 1/2-1/2